000 01077nam0a22002771 4500
001 rc\4584544
005 20250612123743.0
021 _aRU
_b[64-102440]
035 _a(NLR Aleph) 008658080
090 _a9043902
_c9043902
100 _a20130416d1964 |||y0rusy50 ca
101 0 _arus
102 _aRU
105 _aa z |||||
200 1 _aМелиоративные машины
_e[Для гидромелиор. ин-тов и фак. и для фак. механизации сел. хозяйства]
210 _aМосква
_cКолос
_d1964
215 _a367 с.
_cил.
_d27
225 1 _aУчебники и учебные пособия для высших сельскохозяйственных учебных заведений
320 _aБиблиогр.: с. 364-365 (90 назв.)
606 _aМелиоративные машины
_jУчебники и пособия
_2psbo
700 1 _aМер
_bИ.И.
_gИосиф Ильич
801 0 _aRU
_bNLR
_gpsbo
801 1 _aRU
_bELAR
_2rusmarc
852 _aNLR
_j65-7/23
942 _cBOOK
980 _aNB